Property in poor areas profitable (Record no. 73940)

MARC details
000 -LEADER
fixed length control field 00904cam a2200193 4500
001 - CONTROL NUMBER
control field WB3947-10
008 - FIXED-LENGTH DATA ELEMENTS--GENERAL INFORMATION
fixed length control field 031210n2003 000 0 eng u
035 ## - SYSTEM CONTROL NUMBER
System control number (Sirsi) u124592
245 ## - TITLE STATEMENT
Title Property in poor areas profitable
260 ## - PUBLICATION, DISTRIBUTION, ETC.
Date of publication, distribution, etc. 2003
490 ## - SERIES STATEMENT
Series statement Regeneration and Renewal
Volume/sequential designation 5 December 2003 1(1)
520 ## - SUMMARY, ETC.
Summary, etc. 'Investing in urban regeneration: dispelling the myths,' a new report, reveals that property investments in deprived areas have generated better long term returns than the market average. Between 1980 and 2001 totals for annual returns averaged 10.7% in the 20 most deprived wards which compared favourably with the 10.2% in the rest of England. A copy of the report is available from http://www.englishpartnerships.co.ukk.
590 ## - LOCAL NOTE (RLIN)
Local note WB
650 ## - SUBJECT ADDED ENTRY--TOPICAL TERM
Topical term or geographic name entry element PROPERTY INVESTMENTS
650 ## - SUBJECT ADDED ENTRY--TOPICAL TERM
Topical term or geographic name entry element REGENERATION
650 ## - SUBJECT ADDED ENTRY--TOPICAL TERM
Topical term or geographic name entry element DEPRIVED AREAS
690 ## - LOCAL SUBJECT ADDED ENTRY--TOPICAL TERM (OCLC, RLIN)
Topical term or geographic name as entry element Investments
9 (RLIN) 6250
942 ## - ADDED ENTRY ELEMENTS (KOHA)
Suppress in OPAC 0
Holdings
Withdrawn status Lost status Source of classification or shelving scheme Damaged status Not for loan Home library Current library Shelving location Date acquired Total Checkouts Full call number Barcode Date last seen Copy number Price effective from Koha item type
    Dewey Decimal Classification     London London News article 10/12/2003   WB3947-10 124592-1001 06/08/2019 1 06/08/2019 News article